| 000 | 00392nam a22001697a 4500 | ||
|---|---|---|---|
| 005 | 20160528124026.0 | ||
| 008 | 160528b xxu||||| |||| 00| 0 eng d | ||
| 020 | _a81-203-2349-1 | ||
| 041 | _aeng | ||
| 082 | _b5811 | ||
| 100 |
_aKotler, & Aemstrong _91458 |
||
| 245 | _aPrinciples of Marketing | ||
| 260 |
_aNew Delhi _bPHI, |
||
| 300 | _a661 | ||
| 650 |
_aManagement _9241 |
||
| 942 | _cBK | ||
| 999 |
_c2062 _d2061 |
||